00271nam a2200097Ia 4500008004100000082001200041100001600053245008500069260000900154300001000163190415s9999 xx 000 0 und d aRI.0014 aPande, K.C. 0aLinkage elite and fifth Lok Sabha elections : A case study in the context of Raj c1975 a211p.